Statystyki dla Mieszkanie - francuski

Kliknij tutaj aby rozwiązać quiz!

Ogólne statystyki

  • Ten quiz został rozwiązany 3 razy
  • Średni wynik to 2 z 15

Statystyki odpowiedzi

słowoodpowiedź% Poprawnych
domune maison
100%
apartamentun appartement
33%
pokójune chambre
33%
kuchniaune cuisine
33%
łóżkoun lit
33%
kanapaun canape
0%
rezydencjaun chateau
0%
roślinaune plante verte
0%
łazienkaune salle de bains
0%
biórkoune table
0%
fotelun fauteuil
0%
mieszkanieun loft
0%
salonun salon
0%
stółun tableau
0%
dywanun tapis
0%

Rozkład punktacji

Percentyl według liczby udzielonych odpowiedzi

Procent ludzi z każdym wynikiem

Twoja historia wyników

Nie rozwiązałeś tego quizu